01782nam a2200205Ia 4500008004100000020001500041050002000056082001900076100003100095240008800126245013200214260003200346300004100378500003600419504002800455505097800483650004901461650002301510700004301533120622s2000 mx a 000 0 spa d a970240021X aQH581 bC3 2000 a571.6 bC157b aCallen, Jean-Claudeeautor aBiologie cellulaire. Des molécules aux organismes. Cours et questions lespañol aBiología celularb : de las moléculas a los organismos c / Jean-Claude Callen ; traducción María Teresa Aguilar Ortega aMéxico b : CECSAc, 2000 axiv, 488 páginasb : ilustraciones aIncluye: índice (pp. 479-488) aBibliografía (p. 473) aLógica molecular de los seres vivos. De las moléculas a los organismos Organización celular Análisis de los constituyentes y funcionamiento de la célula El flujo de información genética. Estructura y expresión de los genes Organización general y funciones de las membranas biológicas Intercambios de materia entre la célula y su entorno. El papel de la membrana plasmática Nutrición y crecimiento de las células. Uso de los metabolismos y acumulaciones de reservas Expresión de genes nucleares en las eucariotes. Aspectos celulares y moleculares Sistesis y direccionalidad de las proteínas en los eucariotes. Biogénesis de los organelos Trasformación de la energía: mitocondrias y cloroplastos Constitución y movilidad de la célula Proliferación de las células. División y ciclo celular De la célula al organismo. La diferenciación celular El origen de la vida. aparición delos diversos tipos de células  0aCITOLOGIAxESTUDIO Y ENSEÑANZA (SUPERIOR)  0aFISIOLOGIA CELULAR aAguilar Ortega, Ma. Teresa etraductor